Sociology in nursing and health care / (Record no. 10888)
[ view plain ]
| 000 -LEADER | |
|---|---|
| fixed length control field | 02111cam a22003618a 4500 |
| 001 - CONTROL NUMBER | |
| control field | 15441987 |
| 005 - DATE AND TIME OF LATEST TRANSACTION | |
| control field | 20081202104330.0 |
| 008 - FIXED-LENGTH DATA ELEMENTS--GENERAL INFORMATION | |
| fixed length control field | 080905s2008 stk b 000 0 eng |
| 010 ## - LIBRARY OF CONGRESS CONTROL NUMBER | |
| LC control number | 2008039384 |
| Canceled/invalid LC control number | 2008431744 |
| 020 ## - INTERNATIONAL STANDARD BOOK NUMBER | |
| International Standard Book Number | 9780443101557 |
| 035 ## - SYSTEM CONTROL NUMBER | |
| System control number | (DNLM)101483382 |
| 040 ## - CATALOGING SOURCE | |
| Original cataloging agency | DNLM/DLC |
| Transcribing agency | DLC |
| Modifying agency | DLC |
| 042 ## - AUTHENTICATION CODE | |
| Authentication code | pcc |
| 050 00 - LIBRARY OF CONGRESS CALL NUMBER | |
| Classification number | RA418 |
| Item number | .S67375 2008 |
| 060 10 - NATIONAL LIBRARY OF MEDICINE CALL NUMBER | |
| Classification number | WY 86 |
| Item number | S678 2008 |
| 082 00 - DEWEY DECIMAL CLASSIFICATION NUMBER | |
| Classification number | 362.1 |
| Edition number | 22 |
| Item number | SOC NR |
| 245 00 - TITLE STATEMENT | |
| Title | Sociology in nursing and health care / |
| Statement of responsibility, etc | Edited by Hannah Cooke, Susan Philpin. |
| 260 ## - PUBLICATION, DISTRIBUTION, ETC. (IMPRINT) | |
| Place of publication, distribution, etc | Edinburgh ; |
| Name of publisher, distributor, etc | Elsevier, |
| Date of publication, distribution, etc | c2008. |
| 300 ## - PHYSICAL DESCRIPTION | |
| Extent | xii, 232 p. ; |
| Dimensions | 24 cm. |
| 504 ## - BIBLIOGRAPHY, ETC. NOTE | |
| Bibliography, etc | Includes bibliographical references and index. |
| 505 0# - FORMATTED CONTENTS NOTE | |
| Formatted contents note | Thinking sociologically about families and health / Lyn Gardner -- Thinking sociologically about religion and health / Hannah Cooke -- Work, professionalism, and organisational life / Hannah Cooke -- Social class, poverty, and health / Ronnie Moore -- Inequalities and health disadvantage / Ronnie Moore -- Healthcare policy and organisational change / Gillian Olumide and Hannah Cooke -- Power and communication in healthcare / Martin Johnson -- Nursing and nursing professionalism / Hannah Cooke -- Partnerships and care in the community / Susan Lambert -- Understandings of health, illness, risk, and bodies / Susan Philpin -- Lay understandings of health and risk : a changing picture / Lindsay Prior -- Experiencing ill-health / Susan Philpin -- Social responses to illness and disability / Susan Philpin -- Death and dying / Hannah Cooke. |
| 650 #0 - SUBJECT ADDED ENTRY--TOPICAL TERM | |
| Topical term or geographic name as entry element | Social medicine. |
| 650 #0 - SUBJECT ADDED ENTRY--TOPICAL TERM | |
| Topical term or geographic name as entry element | Nursing |
| General subdivision | Social aspects. |
| 650 12 - SUBJECT ADDED ENTRY--TOPICAL TERM | |
| Topical term or geographic name as entry element | Philosophy, Nursing. |
| 650 22 - SUBJECT ADDED ENTRY--TOPICAL TERM | |
| Topical term or geographic name as entry element | Nurses |
| General subdivision | psychology. |
| 650 22 - SUBJECT ADDED ENTRY--TOPICAL TERM | |
| Topical term or geographic name as entry element | Nursing Care |
| General subdivision | psychology. |
| 650 22 - SUBJECT ADDED ENTRY--TOPICAL TERM | |
| Topical term or geographic name as entry element | Sociology, Medical. |
| 700 1# - ADDED ENTRY--PERSONAL NAME | |
| Personal name | Cooke, Hannah. |
| 700 1# - ADDED ENTRY--PERSONAL NAME | |
| Personal name | Philpin, Susan. |
| 942 ## - ADDED ENTRY ELEMENTS (KOHA) | |
| Source of classification or shelving scheme | Dewey Decimal Classification |
| Item type | Book - Borrowing |
| Withdrawn status | Item status | Source of classification or shelving scheme | Damaged status | Not for loan | Vendor | Home library | Current library | Shelving location | Date acquired | Source of acquisition | Cost, normal purchase price | Serial Enumeration / chronology | Total Checkouts | Total Renewals | Full call number | Barcode | Date last seen | Date last borrowed | Koha item type |
|---|---|---|---|---|---|---|---|---|---|---|---|---|---|---|---|---|---|---|---|
| Dewey Decimal Classification | Central Library | Central Library | First floor | 18/02/2009 | 166.00 | 2166 | 4 | 13 | 362.1 SOC NR | 000014843 | 15/07/2025 | 27/04/2024 | Book - Borrowing |